[Event "ARG-chT"]
[Site "Villa Martelli"]
[Date "2016.11.12"]
[Round "8.8"]
[White "Garcia Campitelli, Gonzalo"]
[Black "Galvan, Sergio"]
[Result "1/2-1/2"]
[WhiteElo "2029"]
[BlackElo "1940"]
[PlyCount "49"]
[EventDate "2016.09.24"]
[EventType "team-swiss"]
[EventRounds "9"]
[EventCountry "ARG"]
[SourceTitle "EXT 2018"]
[Source "ChessBase"]
[SourceDate "2017.10.13"]
[SourceVersion "1"]
[SourceVersionDate "2017.10.13"]
[SourceQuality "1"]
[WhiteTeam "Tren Verde"]
[BlackTeam "Ushuaia Jaque Mate"]
[WhiteTeamCountry "ARG"]
[BlackTeamCountry "ARG"]

1. d4 Nf6 2. Nf3 g6 3. Bf4 Bg7 4. e3 0-0 5. h3 d6 6. Be2 c5 7. d5 Nh5 8. c3 Nxf4 9. exf4 Bh6 10. g3 Nd7 11. Kf1 Nf6 12. c4 e6 13. Nc3 Re8 14. Kg2 exd5 15. cxd5 Bd7 16. a4 b6 17. Nd2 a6 18. Nc4 Bf8 19. Ne3 Ra7 20. Qb1 Bc8 21. Bf3 Rae7 22. b4 Bg7 23. Ra3 Nd7 24. b5 Bd4 25. Nc4 1/2-1/2